Deutungsmachtanalyse: zur Einleitung in ein Konzept zwischen Hermeneutik und Diskursanalyse
Saved in:
| Main Author: | |
|---|---|
| Format: | Chapter/Article |
| Language: | German |
| Published: |
2014
|
| In: |
Deutungsmacht
Year: 2014, Pages: [1]-85 |
| Online Access: |
|
| Author Notes: | Philipp Stoellger |
MARC
| LEADER | 00000caa a2200000 c 4500 | ||
|---|---|---|---|
| 001 | 1471973751 | ||
| 003 | DE-627 | ||
| 005 | 20220811062918.0 | ||
| 007 | tu | ||
| 008 | 140305s2014 xx ||||| 00| ||ger c | ||
| 035 | |a (DE-627)1471973751 | ||
| 035 | |a (DE-576)401973751 | ||
| 035 | |a (DE-599)BSZ401973751 | ||
| 035 | |a (OCoLC)1340635319 | ||
| 040 | |a DE-627 |b ger |c DE-627 |e rakwb | ||
| 041 | |a ger | ||
| 084 | |a 12 |2 sdnb | ||
| 084 | |a 1 |2 ssgn | ||
| 100 | 1 | |a Stoellger, Philipp |d 1967- |0 (DE-588)122442881 |0 (DE-627)081945663 |0 (DE-576)293272824 |4 aut | |
| 245 | 1 | 0 | |a Deutungsmachtanalyse |b zur Einleitung in ein Konzept zwischen Hermeneutik und Diskursanalyse |c Philipp Stoellger |
| 264 | 1 | |c 2014 | |
| 336 | |a Text |b txt |2 rdacontent | ||
| 337 | |a ohne Hilfsmittel zu benutzen |b n |2 rdamedia | ||
| 338 | |a Band |b nc |2 rdacarrier | ||
| 773 | 0 | 8 | |i In |t Deutungsmacht |d Tübingen : Mohr Siebeck, 2014 |g (2014), Seite [1]-85 |h IX, 617 S. |w (DE-627)778552470 |w (DE-576)401000001 |z 9783161530319 |z 3161530314 |7 nnam |a Deutungsmachtanalyse zur Einleitung in ein Konzept zwischen Hermeneutik und Diskursanalyse |
| 773 | 1 | 8 | |g year:2014 |g pages:[1]-85 |a Deutungsmachtanalyse zur Einleitung in ein Konzept zwischen Hermeneutik und Diskursanalyse |
| 951 | |a AR | ||
| 992 | |a 20151006 | ||
| 993 | |a BookComponentPart | ||
| 994 | |a 2014 | ||
| 998 | |g 122442881 |a Stoellger, Philipp |m 122442881:Stoellger, Philipp |d 910000 |d 950000 |d 950950 |e 910000PS122442881 |e 950000PS122442881 |e 950950PS122442881 |k 0/910000/ |k 1/910000/950000/ |k 2/910000/950000/950950/ |p 1 |x j |y j | ||
| 999 | |a KXP-PPN1471973751 |e 2864168103 | ||
| BIB | |a Y | ||
| JSO | |a {"id":{"eki":["1471973751"]},"name":{"displayForm":["Philipp Stoellger"]},"person":[{"family":"Stoellger","role":"aut","given":"Philipp","display":"Stoellger, Philipp"}],"title":[{"title_sort":"Deutungsmachtanalyse","subtitle":"zur Einleitung in ein Konzept zwischen Hermeneutik und Diskursanalyse","title":"Deutungsmachtanalyse"}],"origin":[{"dateIssuedDisp":"2014","dateIssuedKey":"2014"}],"language":["ger"],"relHost":[{"type":{"bibl":"edited-book"},"physDesc":[{"noteIll":"Ill., graph. Darst.","extent":"IX, 617 S."}],"relMultPart":[{"dispAlt":"Hermeneutische Untersuchungen zur Theologie","language":["ger","eng"],"disp":"Hermeneutische Untersuchungen zur Theologie","part":{"number":["63"],"number_sort":["63"]},"type":{"bibl":"serial"},"physDesc":[{"noteFormat":"24 cm"}],"pubHistory":["1.1962 -"],"recId":"130210528","title":[{"title_sort":"Hermeneutische Untersuchungen zur Theologie","title":"Hermeneutische Untersuchungen zur Theologie"}],"origin":[{"dateIssuedDisp":"1962-","publisher":"Mohr Siebeck","publisherPlace":"Tübingen","dateIssuedKey":"1962"}],"id":{"eki":["130210528"],"issn":["0440-7180"],"zdb":["534572-8"]}}],"recId":"778552470","origin":[{"dateIssuedKey":"2014","publisher":"Mohr Siebeck","dateIssuedDisp":"2014","publisherPlace":"Tübingen"}],"title":[{"title_sort":"Deutungsmacht","subtitle":"Religion und belief systems in Deutungsmachtkonflikten","title":"Deutungsmacht"}],"id":{"isbn":["9783161530319","3161530314"],"eki":["778552470"]},"person":[{"family":"Stoellger","role":"edt","given":"Philipp","display":"Stoellger, Philipp"}],"name":{"displayForm":["hrsg. von Philipp Stoellger"]},"language":["ger","eng"],"note":["Die Beitr. gehen zurück auf eine Rostocker Tagung von 2012 - (Vorwort)"],"part":{"pages":"[1]-85","year":"2014","text":"(2014), Seite [1]-85"},"disp":"Deutungsmachtanalyse zur Einleitung in ein Konzept zwischen Hermeneutik und DiskursanalyseDeutungsmacht"}],"recId":"1471973751","type":{"bibl":"chapter"}} | ||
| SRT | |a STOELLGERPDEUTUNGSMA2014 | ||